| 000 | 00841nas a2200289 4500 | ||
|---|---|---|---|
| 001 | BR9207627 | ||
| 003 | BR-BrBNA | ||
| 005 | 20231205093025.0 | ||
| 007 | ta | ||
| 008 | 230509b bl.|||p| |||| 00| 00por d | ||
| 040 |
_aBR-BrBNA _bpor _cBiblioteca Nacional de Agricultura |
||
| 041 | _a(Pt) | ||
| 072 | _aH10 | ||
| 100 | 1 | _aAlonso, O. | |
| 100 | 1 | _aAlbuquerque, F.C. | |
| 100 | 1 | _aGeraldi Filho, L. | |
| 100 | 1 | _aPaggiaro, C.M. | |
| 245 | 1 | _aEfeitos do nematicida carbofurano em cana planta e duas soqueiras subsequentes | |
| 650 | _aCANA DE ACUCAR | ||
| 650 | _aNEMATOIDE | ||
| 650 | _aNEMATICIDA | ||
| 650 | _aSOLO ARENOSO | ||
| 650 | _aFERTILIZANTE | ||
| 773 | 0 |
_tNematologia Brasileira (Brazil) _xISSN 0102-2997 _g(1987), v. 11 p. 115-124 _wBR9207627 |
|
| 909 |
_a202311 _bLúcia _c55 _dLúcia Elande |
||
| 942 |
_2AGRIS _n0 _cANA |
||
| 999 |
_c135711 _d135711 |
||